00474nam a2200157Ia 4500008004100000020001500041082002100056100002500077245006500102250000800167260004200175300003100217500001900248600003300267650001600300240925s9999 xx 000 0 und d a8129703173 a519.20246213 GAR aGarcia ,Alberto Leon 0aProbability and Random Processes for Electrical Engineering  a2nd aSingapore:bPearson educationc,1994. axxxiv,973p.bNAfPhotocopy aIncludes Index aHumanities & Natural Science aMathematics